000 03541nam0a22006971 4500
001 RU\NLR\A1\PETRI\741
005 20251203171251.9
035 _a(NLR Aleph) 009685748
090 _a9718098
_c9718098
100 _a20000602j1723 u y0rusy50 ca
101 1 _arus
_blat
_cger
102 _aRU
135 _acrcn 024anaba
200 1 _aВведение. В гисторию европеискую
_fЧрез Самуила Пуфендорфия. На немецком языце сложенное.
_gТаже чрез Иоанна Фридерика Крамера, на латинскии преложенное.
_gНыне же повелением его величества. Петра Великаго императора и самодержца, всероссиискаго. На россиискии с латинскаго преведенное
210 _a[СПб.]
_cПечатано в Санктъпитербургскои типографии
_dИюль 1723
215 _a[4], 923, 29 с.
305 _aПер. кн. С.Пуфендорфа: Samuelis Pufendorfii Introductio ad Historiam Europaeum, / Latina reddita a Joh. Frid. Cramero.
305 _a1-е изд. вышло в 1718 г.
307 _aРазмер набора 146 x 110 мм
310 _aТираж 300 экз.
314 _aПер. - Гавриил (Бужинский). Предисл. с подписью: Иеромонах префект Гавриил
316 _aЭкз. ВСИАХМЗ деф.: нет с.1-6, 21-29
_5ВСИАХМЗ
317 _aЭкз. ЗНБ СГУ из б-ки П.М.Мальцева
_5ЗНБ СГУ
320 _aИзъявление вещей, в книзе сей содержимых: [Указ. имен и геогр. названий]
321 1 _aСК 1708-1725 744
325 1 _aКопия доступна в электронной библиотеке РНБ
518 1 _aВведение в историю европейскую
620 _dСанкт-Петербург
700 1 _6z01
_aПуфендорф
_bС.
_f1632-1694
_gСамуэль
_4070
700 1 _6z01
_aPufendorf
_bS.
_gSamuel
_4070
_7ba
702 1 _6z02
_aКрамер
_bИ.Ф.
_gИоганн Фридрих
_4730
702 1 _6z02
_aKramer
_4730
_7ba
702 0 _aГавриил
_cБужинский, Гавриил Федорович
_fок.1680-1731
_4730
702 1 _aМальцев
_bП.М.
_gПаисий Михайлович
_4390
712 0 2 _aСанкт-Петербургская типография
_4610
801 0 _aRU
_bNLR
_c20000602
852 _aNLR
_jП-744
852 _aNLR
_jП-744а
852 _aNLR
_jП-744б
852 _aNLR
_jП-744в
856 0 _uhttp://vivaldi.nlr.ru/bx000017469/view
856 1 _uhttp://vivaldi.nlr.ru/bx000017469/cover
856 2 _uhttp://vivaldi.nlr.ru/bx000017469/text
899 _aЗНБ СГУ
899 _aБАН
899 _aВСИАХМЗ
899 _aДГНБ
899 _aКОКМ
899 _aРГБ
899 _aГПИБ
901 _eКнижные издания
942 _cBOOK
980 _aNB
980 3 _akpcivil
980 3 _akp
980 _aA1XVIIIv
980 _aA1PetrI
981 2 0 _a(20) Книжные памятники РНБ
_b(20) Отдел редких книг